[Event "Deutsche Ländermeisterschaft 2025"]
[Site "Oer-Erkenschwick GER"]
[Date "2025.10.03"]
[Round "4"]
[White "Shevchenko, Igor"]
[Black "Oellrich, Emma"]
[Result "1-0"]
[Termination "normal"]
[Board "4.6"]
[WhiteElo "1985"]
[BlackElo "1764"]
[WhiteClock "00:52:53"]
[BlackClock "00:52:01"]
[WhiteTeam "Sachsen-Anhalt"]
[BlackTeam "Niedersachsen"]
[PlyCount "55"]
[WhiteFideId "34634924"]
[BlackFideId "16268806"]
[EventCountry "GER"]
[EventRounds "7"]
[EventType "team-swiss"]
[EventDate "2025.09.30"]

1. d4 {[%clk 01:30:01]} {[%emt 00:00:59]} e6 {[%clk 01:30:56]} {[%emt
00:00:05]} 2. c4 {[%clk 01:28:54]} {[%emt 00:01:36]} d5 {[%clk 01:31:19]}
{[%emt 00:00:07]} 3. Nc3 {[%clk 01:28:45]} {[%emt 00:00:39]} Be7 {[%clk
01:31:28]} {[%emt 00:00:21]} 4. cxd5 {[%clk 01:27:44]} {[%emt 00:01:31]} exd5
{[%clk 01:31:50]} {[%emt 00:00:08]} 5. Bf4 {[%clk 01:28:04]} {[%emt 00:00:09]}
c6 {[%clk 01:32:14]} {[%emt 00:00:08]} 6. e3 {[%clk 01:27:27]} {[%emt
00:01:07]} Nf6 {[%clk 01:32:24]} {[%emt 00:00:20]} 7. Bd3 {[%clk 01:27:19]}
{[%emt 00:00:37]} O-O {[%clk 01:32:36]} {[%emt 00:00:17]} 8. Qc2 {[%clk
01:25:55]} {[%emt 00:01:54]} Bd6 {[%clk 01:29:59]} {[%emt 00:03:07]} 9. Nge2
{[%clk 01:19:09]} {[%emt 00:07:17]} a5 {[%clk 01:29:28]} {[%emt 00:01:02]} 10.
Bg5 {[%clk 01:16:26]} {[%emt 00:03:12]} h6 {[%clk 01:29:40]} {[%emt 00:00:17]}
11. Bh4 {[%clk 01:15:21]} {[%emt 00:01:36]} Na6 {[%clk 01:27:43]} {[%emt
00:02:27]} 12. a3 {[%clk 01:14:51]} {[%emt 00:00:59]} Re8 {[%clk 01:25:14]}
{[%emt 00:02:58]} 13. h3 {[%clk 01:14:08]} {[%emt 00:01:14]} Bd7 {[%clk
01:20:26]} {[%emt 00:05:19]} 14. O-O {[%clk 01:13:09]} {[%emt 00:01:28]} Be7
{[%clk 01:09:00]} {[%emt 00:11:57]} 15. f3 {[%clk 01:11:30]} {[%emt 00:02:09]}
g5 {[%clk 01:00:47]} {[%emt 00:08:42]} 16. Bf2 {[%clk 01:11:06]} {[%emt
00:00:53]} Nh5 {[%clk 00:59:06]} {[%emt 00:02:12]} 17. e4 {[%clk 01:04:41]}
{[%emt 00:06:55]} Be6 {[%clk 00:58:06]} {[%emt 00:01:31]} 18. e5 {[%clk
01:04:09]} {[%emt 00:01:01]} Qd7 {[%clk 00:56:16]} {[%emt 00:02:20]} 19. g4
{[%clk 01:03:30]} {[%emt 00:01:09]} Ng7 {[%clk 00:56:14]} {[%emt 00:00:32]} 20.
Ng3 {[%clk 01:03:18]} {[%emt 00:00:42]} Rec8 {[%clk 00:52:20]} {[%emt
00:04:24]} 21. Nf5 {[%clk 01:01:07]} {[%emt 00:02:40]} Bf8 {[%clk 00:52:15]}
{[%emt 00:00:35]} 22. Nxh6+ {[%clk 01:00:13]} {[%emt 00:01:25]} Kh8 {[%clk
00:52:33]} {[%emt 00:00:11]} 23. Qd2 {[%clk 00:58:11]} {[%emt 00:02:32]} Qd8
{[%clk 00:52:18]} {[%emt 00:00:46]} 24. f4 {[%clk 00:51:52]} {[%emt 00:06:48]}
gxf4 {[%clk 00:52:01]} {[%emt 00:00:47]} 25. Qxf4 {[%clk 00:52:15]} {[%emt
00:00:07]} Qe8 {[%clk 00:51:22]} {[%emt 00:01:08]} 26. Nxf7+ {[%clk 00:52:00]}
{[%emt 00:00:46]} Qxf7 {[%clk 00:51:35]} {[%emt 00:00:17]} 27. Qh6+ {[%clk
00:52:26]} {[%emt 00:00:05]} Kg8 {[%clk 00:52:01]} {[%emt 00:00:04]} 28. Qh7#
{[%clk 00:52:53]} {[%emt 00:00:02]} 1-0

[Event "Deutsche Ländermeisterschaft 2025"]
[Site "Oer-Erkenschwick GER"]
[Date "2025.10.03"]
[Round "4"]
[White "Zhang, Jiahui"]
[Black "Rössling, Laura Marie"]
[Result "0-1"]
[Termination "normal"]
[Board "4.7"]
[WhiteElo "1575"]
[BlackElo "1752"]
[WhiteClock "00:08:52"]
[BlackClock "00:08:32"]
[WhiteTeam "Niedersachsen"]
[BlackTeam "Sachsen-Anhalt"]
[PlyCount "82"]
[WhiteFideId "533001308"]
[BlackFideId "16289471"]
[EventCountry "GER"]
[EventRounds "7"]
[EventType "team-swiss"]
[EventDate "2025.09.30"]

1. d4 {[%clk 01:30:57]} {[%emt 00:00:01]} d5 {[%clk 01:30:47]} {[%emt
00:00:14]} 2. c4 {[%clk 01:31:22]} {[%emt 00:00:06]} e6 {[%clk 01:31:07]}
{[%emt 00:00:10]} 3. Nf3 {[%clk 01:31:46]} {[%emt 00:00:07]} Nf6 {[%clk
01:31:22]} {[%emt 00:00:15]} 4. g3 {[%clk 01:32:09]} {[%emt 00:00:07]} Be7
{[%clk 01:31:34]} {[%emt 00:00:18]} 5. Bg2 {[%clk 01:32:31]} {[%emt 00:00:08]}
O-O {[%clk 01:31:40]} {[%emt 00:00:23]} 6. O-O {[%clk 01:32:55]} {[%emt
00:00:06]} c6 {[%clk 01:31:54]} {[%emt 00:00:17]} 7. Qc2 {[%clk 01:33:13]}
{[%emt 00:00:12]} b6 {[%clk 01:32:02]} {[%emt 00:00:22]} 8. Nbd2 {[%clk
01:33:08]} {[%emt 00:00:35]} Bb7 {[%clk 01:32:03]} {[%emt 00:00:29]} 9. Rd1
{[%clk 01:32:33]} {[%emt 00:01:05]} Na6 {[%clk 01:19:55]} {[%emt 00:12:38]} 10.
a3 {[%clk 01:30:40]} {[%emt 00:02:23]} c5 {[%clk 01:12:39]} {[%emt 00:07:45]}
11. dxc5 {[%clk 01:07:36]} {[%emt 00:23:34]} Nxc5 {[%clk 00:58:50]} {[%emt
00:14:19]} 12. b4 {[%clk 01:04:27]} {[%emt 00:03:39]} Ncd7 {[%clk 00:51:40]}
{[%emt 00:07:40]} 13. Bb2 {[%clk 00:54:50]} {[%emt 00:10:06]} Rc8 {[%clk
00:48:10]} {[%emt 00:04:00]} 14. Rac1 {[%clk 00:51:51]} {[%emt 00:03:30]} Rc7
{[%clk 00:46:55]} {[%emt 00:01:45]} 15. Qa4 {[%clk 00:47:20]} {[%emt 00:05:00]}
Bc6 {[%clk 00:42:28]} {[%emt 00:04:58]} 16. b5 {[%clk 00:45:04]} {[%emt
00:02:46]} Nc5 {[%clk 00:40:50]} {[%emt 00:02:07]} 17. Qc2 {[%clk 00:45:05]}
{[%emt 00:00:30]} Bb7 {[%clk 00:40:44]} {[%emt 00:00:36]} 18. cxd5 {[%clk
00:43:28]} {[%emt 00:02:06]} Bxd5 {[%clk 00:37:14]} {[%emt 00:04:00]} 19. e4
{[%clk 00:38:13]} {[%emt 00:05:46]} Bb7 {[%clk 00:34:15]} {[%emt 00:03:28]} 20.
Nf1 {[%clk 00:33:48]} {[%emt 00:04:55]} Qa8 {[%clk 00:33:03]} {[%emt 00:01:38]}
21. e5 {[%clk 00:29:01]} {[%emt 00:05:20]} Bxf3 {[%clk 00:30:13]} {[%emt
00:03:20]} 22. Bxf3 {[%clk 00:29:02]} {[%emt 00:00:30]} Qxf3 {[%clk 00:29:15]}
{[%emt 00:01:29]} 23. Nd2 {[%clk 00:29:00]} {[%emt 00:00:31]} Qg4 {[%clk
00:26:15]} {[%emt 00:03:28]} 24. exf6 {[%clk 00:28:57]} {[%emt 00:00:35]} Bxf6
{[%clk 00:26:40]} {[%emt 00:00:05]} 25. Bxf6 {[%clk 00:28:13]} {[%emt
00:01:14]} gxf6 {[%clk 00:27:02]} {[%emt 00:00:08]} 26. Ne4 {[%clk 00:26:42]}
{[%emt 00:02:01]} Qg6 {[%clk 00:22:30]} {[%emt 00:04:58]} 27. Qe2 {[%clk
00:25:45]} {[%emt 00:01:28]} Rfc8 {[%clk 00:19:46]} {[%emt 00:03:13]} 28. Nxc5
{[%clk 00:20:44]} {[%emt 00:05:34]} Rxc5 {[%clk 00:19:20]} {[%emt 00:00:55]}
29. Rxc5 {[%clk 00:21:00]} {[%emt 00:00:14]} Rxc5 {[%clk 00:19:20]} {[%emt
00:00:30]} 30. Rd7 {[%clk 00:20:35]} {[%emt 00:00:55]} Qb1+ {[%clk 00:16:20]}
{[%emt 00:03:29]} 31. Kg2 {[%clk 00:15:45]} {[%emt 00:05:20]} Rxb5 {[%clk
00:12:49]} {[%emt 00:04:01]} 32. Qf3 {[%clk 00:13:42]} {[%emt 00:02:33]} Rf5
{[%clk 00:11:05]} {[%emt 00:02:11]} 33. Qa8+ {[%clk 00:10:30]} {[%emt
00:03:46]} Kg7 {[%clk 00:11:26]} {[%emt 00:00:09]} 34. Qe8 {[%clk 00:10:49]}
{[%emt 00:00:09]} Qe4+ {[%clk 00:09:34]} {[%emt 00:02:22]} 35. Kf1 {[%clk
00:10:24]} {[%emt 00:00:57]} Qh1+ {[%clk 00:09:27]} {[%emt 00:00:37]} 36. Ke2
{[%clk 00:10:37]} {[%emt 00:00:16]} Qf3+ {[%clk 00:09:36]} {[%emt 00:00:21]}
37. Kd2 {[%clk 00:10:22]} {[%emt 00:00:45]} Qxf2+ {[%clk 00:09:14]} {[%emt
00:00:52]} 38. Kc3 {[%clk 00:10:25]} {[%emt 00:00:27]} Rc5+ {[%clk 00:08:48]}
{[%emt 00:00:55]} 39. Kd3 {[%clk 00:09:55]} {[%emt 00:01:01]} Qc2+ {[%clk
00:08:30]} {[%emt 00:00:48]} 40. Ke3 {[%clk 00:09:31]} {[%emt 00:00:55]} Re5+
{[%clk 00:08:18]} {[%emt 00:00:42]} 41. Kd4 {[%clk 00:08:52]} {[%emt 00:01:09]}
Re4# {[%clk 00:08:32]} {[%emt 00:00:16]} 0-1

[Event "Deutsche Ländermeisterschaft 2025"]
[Site "Oer-Erkenschwick GER"]
[Date "2025.10.03"]
[Round "4"]
[White "Nönnig, Lotte"]
[Black "Benitez Villalba, Amaia Beatriz"]
[Result "1-0"]
[Termination "normal"]
[Board "4.8"]
[WhiteElo "1642"]
[BlackElo "1015"]
[WhiteClock "00:02:00"]
[BlackClock "00:02:21"]
[WhiteTeam "Sachsen-Anhalt"]
[BlackTeam "Niedersachsen"]
[PlyCount "71"]
[WhiteFideId "34611509"]
[BlackFideId "3714802"]
[EventCountry "GER"]
[EventRounds "7"]
[EventType "team-swiss"]
[EventDate "2025.09.30"]

1. e4 {[%clk 01:30:55]} {[%emt 00:00:04]} c6 {[%clk 01:30:32]} {[%emt
00:00:29]} 2. d4 {[%clk 01:30:57]} {[%emt 00:00:27]} d5 {[%clk 01:30:27]}
{[%emt 00:00:35]} 3. Nd2 {[%clk 01:31:09]} {[%emt 00:00:18]} dxe4 {[%clk
01:29:53]} {[%emt 00:01:04]} 4. Nxe4 {[%clk 01:31:28]} {[%emt 00:00:11]} Bf5
{[%clk 01:29:19]} {[%emt 00:01:03]} 5. Ng3 {[%clk 01:31:30]} {[%emt 00:00:30]}
Bg6 {[%clk 01:29:06]} {[%emt 00:00:43]} 6. Nf3 {[%clk 01:31:25]} {[%emt
00:00:35]} Qc7 {[%clk 01:20:09]} {[%emt 00:09:27]} 7. Ne5 {[%clk 01:26:26]}
{[%emt 00:05:30]} Nf6 {[%clk 01:08:39]} {[%emt 00:11:59]} 8. Nxg6 {[%clk
01:20:24]} {[%emt 00:06:32]} hxg6 {[%clk 01:04:55]} {[%emt 00:04:13]} 9. Bd3
{[%clk 01:17:12]} {[%emt 00:03:41]} e6 {[%clk 00:59:24]} {[%emt 00:06:01]} 10.
O-O {[%clk 01:12:07]} {[%emt 00:05:36]} Bd6 {[%clk 00:57:40]} {[%emt 00:02:14]}
11. c4 {[%clk 01:05:47]} {[%emt 00:06:50]} Nbd7 {[%clk 00:51:35]} {[%emt
00:06:35]} 12. Be3 {[%clk 00:53:27]} {[%emt 00:12:51]} O-O-O {[%clk 00:48:28]}
{[%emt 00:03:37]} 13. c5 {[%clk 00:49:31]} {[%emt 00:04:25]} Bf4 {[%clk
00:47:37]} {[%emt 00:01:15]} 14. b4 {[%clk 00:44:47]} {[%emt 00:05:20]} Nd5
{[%clk 00:44:11]} {[%emt 00:03:56]} 15. Bxf4 {[%clk 00:31:43]} {[%emt
00:13:34]} Nxf4 {[%clk 00:40:14]} {[%emt 00:04:25]} 16. Rc1 {[%clk 00:20:13]}
{[%emt 00:12:02]} a6 {[%clk 00:39:22]} {[%emt 00:01:21]} 17. a4 {[%clk
00:19:26]} {[%emt 00:01:18]} Nb8 {[%clk 00:37:30]} {[%emt 00:02:20]} 18. Be4
{[%clk 00:13:43]} {[%emt 00:06:13]} f5 {[%clk 00:35:59]} {[%emt 00:02:00]} 19.
Bf3 {[%clk 00:14:00]} {[%emt 00:00:14]} Nd5 {[%clk 00:35:36]} {[%emt 00:00:53]}
20. Qb3 {[%clk 00:12:36]} {[%emt 00:01:54]} e5 {[%clk 00:29:29]} {[%emt
00:06:37]} 21. dxe5 {[%clk 00:10:47]} {[%emt 00:02:20]} Qxe5 {[%clk 00:29:02]}
{[%emt 00:00:58]} 22. b5 {[%clk 00:08:21]} {[%emt 00:02:57]} axb5 {[%clk
00:26:44]} {[%emt 00:02:47]} 23. axb5 {[%clk 00:07:46]} {[%emt 00:01:05]} Qc7
{[%clk 00:24:51]} {[%emt 00:02:20]} 24. Rfd1 {[%clk 00:06:09]} {[%emt
00:02:08]} g5 {[%clk 00:19:50]} {[%emt 00:05:33]} 25. Bxd5 {[%clk 00:04:57]}
{[%emt 00:01:42]} Rxd5 {[%clk 00:18:09]} {[%emt 00:02:11]} 26. Rxd5 {[%clk
00:05:00]} {[%emt 00:00:27]} cxd5 {[%clk 00:18:29]} {[%emt 00:00:10]} 27. Qxd5
{[%clk 00:04:57]} {[%emt 00:00:33]} g6 {[%clk 00:16:53]} {[%emt 00:02:06]} 28.
c6 {[%clk 00:03:21]} {[%emt 00:02:07]} bxc6 {[%clk 00:14:13]} {[%emt 00:03:09]}
29. bxc6 {[%clk 00:03:06]} {[%emt 00:00:45]} Re8 {[%clk 00:12:35]} {[%emt
00:01:30]} 30. Nxf5 {[%clk 00:01:54]} {[%emt 00:02:20]} gxf5 {[%clk 00:09:57]}
{[%emt 00:03:08]} 31. Qxf5+ {[%clk 00:01:49]} {[%emt 00:00:34]} Kd8 {[%clk
00:09:07]} {[%emt 00:01:20]} 32. Rd1+ {[%clk 00:01:42]} {[%emt 00:00:37]} Ke7
{[%clk 00:04:41]} {[%emt 00:04:57]} 33. Re1+ {[%clk 00:01:49]} {[%emt
00:00:21]} Kd8 {[%clk 00:04:15]} {[%emt 00:00:56]} 34. Qxg5+ {[%clk 00:01:44]}
{[%emt 00:00:37]} Kc8 {[%clk 00:02:25]} {[%emt 00:02:19]} 35. Rxe8+ {[%clk
00:02:00]} {[%emt 00:00:13]} Qd8 {[%clk 00:02:21]} {[%emt 00:00:35]} 36. Qxd8#
{[%emt 00:00:20]} 1-0

[Event "Deutsche Ländermeisterschaft 2025"]
[Site "Oer-Erkenschwick GER"]
[Date "2025.10.03"]
[Round "4"]
[White "Vortmeier, Jan"]
[Black "Eilenberg, Jonas"]
[Result "0-1"]
[Termination "normal"]
[Board "5.1"]
[BlackTitle "FM"]
[WhiteElo "2196"]
[BlackElo "2346"]
[WhiteClock "00:00:46"]
[BlackClock "00:22:55"]
[WhiteTeam "Nordrhein-Westfalen 2"]
[BlackTeam "Berlin"]
[PlyCount "128"]
[WhiteFideId "16261321"]
[BlackFideId "16204271"]
[EventCountry "GER"]
[EventRounds "7"]
[EventType "team-swiss"]
[EventDate "2025.09.30"]

1. c4 {[%clk 01:30:44]} {[%emt 00:00:15]} c6 {[%clk 01:30:48]} {[%emt
00:00:12]} 2. Nf3 {[%clk 01:31:03]} {[%emt 00:00:11]} d5 {[%clk 01:31:12]}
{[%emt 00:00:07]} 3. g3 {[%clk 01:31:15]} {[%emt 00:00:17]} dxc4 {[%clk
01:31:26]} {[%emt 00:00:17]} 4. Bg2 {[%clk 01:31:25]} {[%emt 00:00:20]} Bf5
{[%clk 01:31:50]} {[%emt 00:00:06]} 5. O-O {[%clk 01:16:15]} {[%emt 00:15:39]}
e6 {[%clk 01:31:54]} {[%emt 00:00:26]} 6. a4 {[%clk 01:02:59]} {[%emt
00:13:46]} Nf6 {[%clk 01:31:51]} {[%emt 00:00:34]} 7. Na3 {[%clk 01:01:36]}
{[%emt 00:01:52]} Bxa3 {[%clk 01:32:13]} {[%emt 00:00:08]} 8. Rxa3 {[%clk
01:01:58]} {[%emt 00:00:08]} O-O {[%clk 01:32:22]} {[%emt 00:00:21]} 9. b3
{[%clk 01:00:12]} {[%emt 00:02:16]} c3 {[%clk 01:32:48]} {[%emt 00:00:05]} 10.
d3 {[%clk 00:55:39]} {[%emt 00:05:03]} Na6 {[%clk 01:19:15]} {[%emt 00:14:02]}
11. Qc2 {[%clk 00:49:10]} {[%emt 00:06:59]} Qa5 {[%clk 01:19:16]} {[%emt
00:00:29]} 12. b4 {[%clk 00:41:29]} {[%emt 00:08:11]} Qxb4 {[%clk 01:18:53]}
{[%emt 00:00:54]} 13. Rxc3 {[%clk 00:40:24]} {[%emt 00:01:35]} Rfd8 {[%clk
01:07:49]} {[%emt 00:11:33]} 14. Rc4 {[%clk 00:37:49]} {[%emt 00:03:05]} Qe7
{[%clk 01:05:14]} {[%emt 00:03:07]} 15. e4 {[%clk 00:36:51]} {[%emt 00:01:27]}
Bg4 {[%clk 01:02:40]} {[%emt 00:03:04]} 16. e5 {[%clk 00:36:35]} {[%emt
00:00:46]} Bxf3 {[%clk 01:02:14]} {[%emt 00:00:57]} 17. exf6 {[%clk 00:36:59]}
{[%emt 00:00:06]} Qxf6 {[%clk 01:02:30]} {[%emt 00:00:13]} 18. Rf4 {[%clk
00:37:23]} {[%emt 00:00:05]} Bxg2 {[%clk 01:02:39]} {[%emt 00:00:22]} 19. Rxf6
{[%clk 00:37:46]} {[%emt 00:00:06]} Bxf1 {[%clk 01:03:08]} {[%emt 00:00:02]}
20. Rf3 {[%clk 00:37:35]} {[%emt 00:00:42]} Bh3 {[%clk 01:03:37]} {[%emt
00:00:01]} 21. Bb2 {[%clk 00:32:44]} {[%emt 00:05:20]} Bf5 {[%clk 01:00:44]}
{[%emt 00:03:23]} 22. g4 {[%clk 00:32:30]} {[%emt 00:00:44]} Bg6 {[%clk
01:00:10]} {[%emt 00:01:05]} 23. Qc3 {[%clk 00:27:06]} {[%emt 00:05:53]} f6
{[%clk 01:00:19]} {[%emt 00:00:21]} 24. h4 {[%clk 00:26:47]} {[%emt 00:00:49]}
e5 {[%clk 00:59:35]} {[%emt 00:01:15]} 25. g5 {[%clk 00:21:16]} {[%emt
00:06:00]} Rd5 {[%clk 00:58:47]} {[%emt 00:01:18]} 26. gxf6 {[%clk 00:18:50]}
{[%emt 00:02:56]} Rf8 {[%clk 00:59:16]} 27. h5 {[%clk 00:17:37]} {[%emt
00:01:44]} Bxh5 {[%clk 00:52:28]} {[%emt 00:07:18]} 28. Rf5 {[%clk 00:17:43]}
{[%emt 00:00:24]} Bg6 {[%clk 00:42:50]} {[%emt 00:10:09]} 29. Rxe5 {[%clk
00:18:05]} {[%emt 00:00:07]} gxf6 {[%clk 00:40:47]} {[%emt 00:02:33]} 30. Rxd5
{[%clk 00:17:57]} {[%emt 00:00:38]} cxd5 {[%clk 00:41:16]} 31. Qd4 {[%clk
00:17:43]} {[%emt 00:00:44]} Rf7 {[%clk 00:38:28]} {[%emt 00:03:19]} 32. Qxd5
{[%clk 00:17:27]} {[%emt 00:00:45]} Kg7 {[%clk 00:38:52]} 33. Qd6 {[%clk
00:16:23]} {[%emt 00:01:40]} b6 {[%clk 00:35:57]} 34. d4 {[%clk 00:15:38]}
{[%emt 00:04:40]} Bf5 {[%clk 00:36:11]} 35. a5 {[%clk 00:15:25]} {[%emt
00:00:59]} Rd7 {[%emt 00:02:00]} 36. Qg3+ {[%clk 00:10:57]} {[%emt 00:04:12]}
Bg6 {[%clk 00:35:22]} {[%emt 00:00:35]} 37. axb6 {[%clk 00:09:56]} {[%emt
00:01:30]} axb6 {[%clk 00:35:00]} {[%emt 00:00:52]} 38. f4 {[%clk 00:07:57]}
{[%emt 00:02:29]} Rd5 {[%clk 00:32:03]} {[%emt 00:03:28]} 39. Qa3 {[%clk
00:05:53]} {[%emt 00:02:34]} Ra5 {[%clk 00:32:13]} {[%emt 00:00:21]} 40. Qe7+
{[%clk 00:06:13]} {[%emt 00:00:10]} Bf7 {[%clk 00:31:52]} {[%emt 00:00:50]} 41.
d5 {[%clk 00:06:26]} {[%emt 00:00:18]} Rxd5 {[%clk 00:31:24]} {[%emt 00:00:59]}
42. Qxf6+ {[%clk 00:06:50]} {[%emt 00:00:06]} Kf8 {[%clk 00:31:48]} {[%emt
00:00:05]} 43. Qh6+ {[%clk 00:02:51]} {[%emt 00:04:28]} Ke8 {[%clk 00:31:06]}
{[%emt 00:01:13]} 44. Qxb6 {[%clk 00:02:55]} {[%emt 00:00:25]} Nc5 {[%clk
00:30:43]} {[%emt 00:00:52]} 45. Qb8+ {[%clk 00:29:34]} {[%emt 00:03:52]} Kd7
{[%clk 00:59:25]} {[%emt 00:01:49]} 46. Qb5+ {[%clk 00:28:07]} {[%emt
00:01:57]} Kd8 {[%clk 00:57:21]} {[%emt 00:02:35]} 47. Bf6+ {[%clk 00:27:58]}
{[%emt 00:00:38]} Kc7 {[%clk 00:56:15]} {[%emt 00:01:37]} 48. Be5+ {[%clk
00:27:03]} {[%emt 00:01:23]} Kd8 {[%clk 00:55:21]} {[%emt 00:01:24]} 49. Qb8+
{[%clk 00:26:45]} {[%emt 00:00:48]} Ke7 {[%clk 00:55:16]} {[%emt 00:00:35]} 50.
Qc7+ {[%clk 00:21:19]} {[%emt 00:05:56]} Nd7 {[%clk 00:55:14]} {[%emt
00:00:33]} 51. Bc3 {[%clk 00:21:17]} {[%emt 00:00:32]} Be6 {[%clk 00:52:49]}
{[%emt 00:02:54]} 52. Bb4+ {[%clk 00:21:34]} {[%emt 00:00:14]} Kf7 {[%clk
00:52:45]} {[%emt 00:00:34]} 53. Qd8 {[%clk 00:19:10]} {[%emt 00:02:53]} Kg6
{[%clk 00:49:59]} {[%emt 00:03:18]} 54. Qe7 {[%clk 00:16:28]} {[%emt 00:03:11]}
Kf5 {[%clk 00:46:30]} {[%emt 00:04:00]} 55. Bc3 {[%clk 00:12:06]} {[%emt
00:04:51]} Nc5 {[%clk 00:41:03]} {[%emt 00:05:56]} 56. Be5 {[%clk 00:08:49]}
{[%emt 00:03:47]} Rd1+ {[%clk 00:27:20]} {[%emt 00:14:13]} 57. Kf2 {[%clk
00:08:36]} {[%emt 00:00:43]} Ne4+ {[%clk 00:27:30]} {[%emt 00:00:21]} 58. Ke2
{[%clk 00:08:29]} {[%emt 00:00:36]} Rd7 {[%clk 00:27:43]} {[%emt 00:00:17]} 59.
Qf8+ {[%clk 00:05:07]} {[%emt 00:03:53]} Kg4 {[%emt 00:02:18]} 60. Ke3 {[%clk
00:01:53]} {[%emt 00:03:39]} Ng3 {[%clk 00:23:22]} {[%emt 00:03:07]} 61. Qf6
{[%clk 00:00:44]} {[%emt 00:01:39]} Bf5 {[%clk 00:23:22]} {[%emt 00:00:31]} 62.
Qa6 {[%clk 00:00:33]} {[%emt 00:00:41]} h5 {[%clk 00:22:14]} {[%emt 00:01:38]}
63. Qf6 {[%clk 00:00:34]} {[%emt 00:00:30]} Rd3+ {[%clk 00:22:30]} {[%emt
00:00:13]} 64. Kf2 {[%clk 00:00:46]} {[%emt 00:00:18]} Ne4+ {[%clk 00:22:55]}
{[%emt 00:00:05]} 0-1

[Event "Deutsche Ländermeisterschaft 2025"]
[Site "Oer-Erkenschwick GER"]
[Date "2025.10.03"]
[Round "4"]
[White "Jahnz, Laurin"]
[Black "Lutze, Max"]
[Result "0-1"]
[Termination "normal"]
[Board "5.2"]
[WhiteTitle "CM"]
[WhiteElo "2220"]
[BlackElo "2102"]
[WhiteClock "00:10:43"]
[BlackClock "00:06:06"]
[WhiteTeam "Berlin"]
[BlackTeam "Nordrhein-Westfalen 2"]
[PlyCount "72"]
[WhiteFideId "16261089"]
[BlackFideId "34614850"]
[EventCountry "GER"]
[EventRounds "7"]
[EventType "team-swiss"]
[EventDate "2025.09.30"]

1. e4 {[%clk 01:30:58]} {[%emt 00:00:02]} c5 {[%clk 01:30:41]} {[%emt
00:00:18]} 2. Nf3 {[%clk 01:31:25]} {[%emt 00:00:03]} d6 {[%clk 01:30:59]}
{[%emt 00:00:12]} 3. Bc4 {[%clk 01:31:33]} {[%emt 00:00:22]} Nf6 {[%clk
01:31:06]} {[%emt 00:00:23]} 4. d3 {[%clk 01:31:59]} {[%emt 00:00:04]} g6
{[%clk 01:29:48]} {[%emt 00:01:48]} 5. O-O {[%clk 01:32:23]} {[%emt 00:00:06]}
Bg7 {[%clk 01:30:14]} {[%emt 00:00:04]} 6. Re1 {[%clk 01:32:46]} {[%emt
00:00:07]} O-O {[%clk 01:30:35]} {[%emt 00:00:09]} 7. c3 {[%clk 01:33:12]}
{[%emt 00:00:04]} Nc6 {[%clk 01:30:55]} {[%emt 00:00:09]} 8. a4 {[%clk
01:33:35]} {[%emt 00:00:07]} e5 {[%clk 01:20:39]} {[%emt 00:10:46]} 9. Nbd2
{[%clk 01:30:29]} {[%emt 00:03:36]} h6 {[%clk 01:19:45]} {[%emt 00:01:24]} 10.
Nf1 {[%clk 01:30:18]} {[%emt 00:00:42]} d5 {[%clk 01:17:11]} {[%emt 00:03:04]}
11. exd5 {[%clk 01:29:22]} {[%emt 00:01:26]} Nxd5 {[%clk 01:17:31]} {[%emt
00:00:09]} 12. Ng3 {[%clk 01:28:21]} {[%emt 00:01:31]} Be6 {[%clk 01:07:45]}
{[%emt 00:10:16]} 13. Qc2 {[%clk 01:12:26]} {[%emt 00:16:25]} f5 {[%clk
00:59:29]} {[%emt 00:08:45]} 14. Bd2 {[%clk 00:58:52]} {[%emt 00:14:05]} Qd6
{[%clk 00:56:27]} {[%emt 00:03:32]} 15. Rab1 {[%clk 00:58:09]} {[%emt
00:01:13]} Rae8 {[%clk 00:51:51]} {[%emt 00:05:06]} 16. Qc1 {[%clk 00:48:00]}
{[%emt 00:10:40]} Kh7 {[%clk 00:46:42]} {[%emt 00:05:37]} 17. h4 {[%clk
00:48:10]} {[%emt 00:00:21]} Bg8 {[%clk 00:45:10]} {[%emt 00:02:01]} 18. Bb3
{[%clk 00:33:31]} {[%emt 00:15:10]} Nde7 {[%clk 00:22:59]} {[%emt 00:22:40]}
19. Bc2 {[%clk 00:30:34]} {[%emt 00:03:27]} c4 {[%clk 00:22:00]} {[%emt
00:01:30]} 20. dxc4 {[%clk 00:26:31]} {[%emt 00:04:33]} e4 {[%clk 00:20:38]}
{[%emt 00:01:52]} 21. Bf4 {[%clk 00:24:59]} {[%emt 00:02:02]} Qf6 {[%clk
00:20:24]} {[%emt 00:00:44]} 22. Nh2 {[%clk 00:21:04]} {[%emt 00:04:24]} Bxc4
{[%clk 00:19:48]} {[%emt 00:01:06]} 23. h5 {[%clk 00:19:39]} {[%emt 00:01:55]}
g5 {[%clk 00:20:01]} {[%emt 00:00:17]} 24. Nxe4 {[%clk 00:17:11]} {[%emt
00:02:58]} fxe4 {[%clk 00:20:11]} {[%emt 00:00:21]} 25. Rxe4 {[%clk 00:17:35]}
{[%emt 00:00:05]} Kh8 {[%clk 00:19:53]} {[%emt 00:00:48]} 26. Ng4 {[%clk
00:16:18]} {[%emt 00:01:47]} Qf7 {[%clk 00:16:59]} {[%emt 00:03:24]} 27. Bxg5
{[%clk 00:13:43]} {[%emt 00:03:06]} hxg5 {[%clk 00:17:23]} {[%emt 00:00:06]}
28. Qxg5 {[%clk 00:14:08]} {[%emt 00:00:05]} Qd5 {[%clk 00:15:21]} {[%emt
00:02:32]} 29. Qc1 {[%clk 00:12:04]} {[%emt 00:02:33]} Nf5 {[%clk 00:11:47]}
{[%emt 00:04:05]} 30. Rf4 {[%clk 00:12:27]} {[%emt 00:00:06]} Nh4 {[%clk
00:09:59]} {[%emt 00:02:18]} 31. Ne3 {[%clk 00:09:50]} {[%emt 00:03:07]} Rxe3
{[%clk 00:09:50]} {[%emt 00:00:39]} 32. Rxh4 {[%clk 00:10:17]} {[%emt
00:00:04]} Re5 {[%clk 00:09:25]} {[%emt 00:00:47]} 33. h6 {[%clk 00:09:32]}
{[%emt 00:01:22]} Bf6 {[%clk 00:09:47]} {[%emt 00:00:08]} 34. Qf4 {[%clk
00:09:58]} {[%emt 00:00:04]} Bxh4 {[%clk 00:05:35]} {[%emt 00:04:42]} 35. Qxf8+
{[%clk 00:10:20]} {[%emt 00:00:08]} Qg8 {[%clk 00:06:01]} {[%emt 00:00:04]} 36.
Qd6 {[%clk 00:10:43]} {[%emt 00:00:07]} Bxf2+ {[%clk 00:06:06]} {[%emt
00:00:25]} 0-1